| 000 | 00972nam a22002897a 4500 | ||
|---|---|---|---|
| 001 | BR9602993 | ||
| 003 | BR-BrBNA | ||
| 005 | 20230928095228.0 | ||
| 007 | ta | ||
| 008 | 230509b bl.||||| |||| 00| 0 por d | ||
| 040 |
_aBR-BrBNA _bpor _cBiblioteca Nacional de Agricultura |
||
| 041 | _a(Por) | ||
| 072 |
_aF02 _b0718 |
||
| 090 | _ 0718 BR9602993 | ||
| 100 | 1 | _aLeite, G.B. | |
| 110 | 1 |
_aUniversidade Federal de Pelotas, RS (Brasil) _0Tese (Mestre em Agronomia) _910876 |
|
| 245 | 1 | _aEfeito de reguladores de crescimento, substratos, sacarose e intensidade luminosa na micropropagacao de pereira (Pyrus communis L.)cv. Bartlett e do clone OHxF97 | |
| 260 | 3 |
_aPelotas, RS (Brasil): _c1995. |
|
| 300 | _a50 p. | ||
| 500 | _a22 illus.; 12 tables; Summaries (Eng, Por); Bibliography p. 38-42 | ||
| 650 | _aPera | ||
| 650 | _aMicropropagacao | ||
| 650 | _aRegulador de Crescimento | ||
| 650 | _aSacarose | ||
| 909 |
_a202309 _bLucia _c55 _dLucia Elande |
||
| 942 | _cBK | ||
| 999 |
_c55311 _d55311 |
||